Guess the ZAYN song with no hints #6 - Statistics

General Stats
  • This quiz has been taken 12 times
  • The average score is 244 of 343
Answer Stats
Answer % Correct
a
100%
and
100%
And
100%
do
100%
I
100%
(I
100%
love
100%
the
100%
in
89%
like
89%
on
89%
So
89%
so
89%
Then
89%
you
89%
you)
89%
you,
89%
be
78%
(Be
78%
can
78%
For
78%
for
78%
(For
78%
me
78%
that
78%
to
78%
baby,
67%
Baby,
67%
days
67%
has
67%
I'll
67%
just
67%
last
67%
let
67%
(Let
67%
Let
67%
man
67%
man)
67%
my
67%
of
67%
our
67%
ours
67%
ours)
67%
take
67%
that's
67%
things
67%
this
67%
This
67%
truth
67%
you'll
67%
your
67%
yours
67%
yours)
67%
care
56%
Come
56%
cream
56%
cream)
56%
feelin'
56%
forever,
56%
Give
56%
ice
56%
if
56%
life,
56%
life
56%
life)
56%
little
56%
meaning
56%
meaning)
56%
morning
56%
morning)
56%
night
56%
one
56%
rest
56%
sex
56%
(Sex
56%
stay
56%
(Stay
56%
Sweet
56%
table
56%
table)
56%
than
56%
those
56%
til
56%
time
56%
vanilla
56%
(Vanilla
56%
We're
56%
Yeah,
56%
body
44%
closer
44%
dancing
44%
Know
44%
More
44%
promise,
44%
will
44%
Dirty
33%
Duvet
33%
exclusively
33%
(Exclusively)
33%
faithful
33%
faithful)
33%
Long
33%
top
33%
(Top
33%
April
22%
April)
22%
beach
22%
(Beach
22%
darling,
22%
drinkin'
22%
finest
22%
(Finest
22%
label
22%
label)
22%
together
22%
walks
22%
No matching quizzes found
Score Distribution
Percent of People with Each Score
Percentile by Number Answered
Your Score History
You have not taken this quiz